| 000 | 00462 a2200157 4500 | ||
|---|---|---|---|
| 020 | _a978383830315 | ||
| 022 | _a9783838380315 | ||
| 082 | _a711.4 | ||
| 090 |
_c6628 _d6628 |
||
| 100 | _aBalula,Luis | ||
| 245 |
_aUrban Design and Planning Policy. _bTheoretical Foundations for a European New Urbanism. _cLuis Balula. |
||
| 260 |
_aGermany. _bLambert Academic publishing. _c2010. |
||
| 300 | _a236p. | ||
| 500 | _aPaper cover | ||
| 942 |
_anbs _cBK _k711.40973 BAL |
||
| 999 |
_c348979 _d348979 |
||